000 00330nas a2200121 4500
005 20211108161004.0
008 211108b ||||| |||| 00| 0 eng d
022 _a0974-3561
040 _c
245 _aInternational journal of synthesis & characterization
260 _aResearch science Press
_bJul-Dec 2019
942 _2ddc
_cPR
999 _c220452
_d220452